| 000 | 00903nam a2200265Ia 4500 | ||
|---|---|---|---|
| 003 | OSt | ||
| 005 | 20221005102816.0 | ||
| 006 | a|||||r|||| 00| 0 | ||
| 007 | ta | ||
| 008 | 221004b |||||||| |||| 00| 0 hin d | ||
| 024 | _a24047 | ||
| 037 | _cTextual | ||
| 040 |
_aCRL _cCRL _bhin |
||
| 041 |
_2hin _ahin |
||
| 082 | _aX:3.2, 152K4 | ||
| 100 | _aचौधरी, रामनारायण | ||
| 245 | 0 | _aमानव अर्थशास्त्र | |
| 246 | _aMānav arthashāstra | ||
| 260 |
_aअहमदाबाद _bनवजीवन प्रकाशन मंदिर भारत _c1964 |
||
| 300 |
_a586पृ0 _ccm. |
||
| 650 | _a भारतीय अर्थव्यवस्था | ||
| 650 | _aअर्थशास्त्र | ||
| 942 |
_hX:3.2, 152K4 _cTEXL _2cc |
||
| 999 |
_c1008978 _d1008978 |
||